000 00283nam a2200121Ia 4500
008 190216s9999||||xx |||||||||||||| ||und||
100 _aNull
245 0 _aHindi-Bharathiya Khelom Ke Kinisand
260 _bMac Millian And Com. Ltd
300 _a168
650 _aHindi
942 _cBK
999 _c16019
_d16019